[Event "SVK-ch U16/18 Girls"]
[Site "Stara Lubovna"]
[Date "2022.05.24"]
[Round "5"]
[White "Skerlikova, Zuzana"]
[Black "Rachelova, Diana"]
[Result "0-1"]
[WhiteElo "1062"]
[BlackElo "1120"]
[PlyCount "68"]
[EventDate "2022.05.21"]
[EventType "swiss"]
[EventRounds "9"]
[EventCountry "SVK"]
[SourceTitle "CBM 208 Extra"]
[Source "ChessBase"]
[SourceDate "2022.07.31"]
[SourceVersion "1"]
[SourceVersionDate "2022.07.31"]
[SourceQuality "1"]

1. d4 Nf6 2. Bf4 c5 3. d5 b5 4. f3 d6 5. e4 c4 6. b3 e5 7. dxe6 Bxe6 8. e5 Nd5 9. Bg3 Qa5+ 10. Nd2 dxe5 11. Bxe5 Ne3 12. Qc1 Bf5 13. Rb1 Nxc2+ 14. Kf2 c3 15. Ne4 Qb6+ 16. Kg3 Bxe4 17. fxe4 Qg6+ 18. Kf3 Qh5+ 19. g4 Qxe5 20. Qxc2 Bd6 21. Ne2 b4 22. Bh3 Nc6 23. Rbf1 0-0 24. Kg2 Rfe8 25. Rf5 Qxe4+ 26. Qxe4 Rxe4 27. Re1 Nd4 28. Rd5 Nxe2 29. Rxd6 Nf4+ 30. Kf2 Nxh3+ 31. Kf1 Rxe1+ 32. Kxe1 Rc8 33. Kd1 c2+ 34. Kc1 h6 0-1

[Event "SVK-ch U16/18 Girls"]
[Site "Stara Lubovna"]
[Date "2022.05.23"]
[Round "3"]
[White "Blahova, Daniela"]
[Black "Skerlikova, Zuzana"]
[Result "0-1"]
[WhiteElo "1035"]
[BlackElo "1062"]
[PlyCount "50"]
[EventDate "2022.05.21"]
[EventType "swiss"]
[EventRounds "9"]
[EventCountry "SVK"]
[SourceTitle "CBM 208 Extra"]
[Source "ChessBase"]
[SourceDate "2022.07.31"]
[SourceVersion "1"]
[SourceVersionDate "2022.07.31"]
[SourceQuality "1"]

1. e4 c5 2. Nf3 d6 3. d4 cxd4 4. Nxd4 Nc6 5. Nc3 g6 6. Be3 Bg7 7. Be2 Nf6 8. f4 0-0 9. Qd3 Bd7 10. 0-0 a6 11. f5 Ne5 12. Qd2 b5 13. Bh6 b4 14. Bxg7 Kxg7 15. Nd5 Nxd5 16. exd5 a5 17. fxg6 fxg6 18. Rxf8 Qxf8 19. Ne6+ Bxe6 20. dxe6 Qf5 21. Qd5 Rc8 22. Qb7 Qxe6 23. Bd3 Nxd3 24. cxd3 Qe3+ 25. Kf1 Rf8+ 0-1